Como preparar las clases : práctica y teoría del pensamiento y evaluación de la enseñanza /

Guardado en:
Autor Principal: Bach, Heinz
Formato: Libro
Publicado: Buenos Aires : Kapelusz, 1975
Series:Biblioteca de Cultura Pedagógica,103
Materias:
Etiquetas: Agregar Etiqueta
Sin Etiquetas, Sea el primero en etiquetar este registro!
LEADER 00606nam a22001935a 4500
001 CEM.cems000785
005 20060210000000.0
008 130507s1975##################000#0#####d
003 CEMS
082 0 4 |a 379.15 
100 1 |a Bach, Heinz 
245 1 0 |a Como preparar las clases :  |b práctica y teoría del pensamiento y evaluación de la enseñanza / 
260 |a Buenos Aires :  |b Kapelusz,  |c 1975 
300 |a 163 p. 
490 0 |a Biblioteca de Cultura Pedagógica,103 
653 |a Clase-planificacion 
653 |a Didactica 
653 |a Educacion 
859 |a CEMS  |b BIB. CEMS - 11 de abril  |h 379.15  |i B122  |p 6818.79  |t Ej.1